| 000 | 00789nam a22002417a 4500 | ||
|---|---|---|---|
| 003 | UA-OsUOA | ||
| 001 | 76821 | ||
| 007 | ta | ||
| 008 | 20110825b un ||||| |||| 00| 0 ukr d | ||
| 100 | _aНавроцький В.О. | ||
| 700 | _aТростюк З.А. | ||
| 090 |
_a343.3/7(038) _bН15 |
||
| 942 | _cBK | ||
| 040 |
_aUA-OsUOA _bukr _cUA-OsUOA _dUA-OsUOA |
||
| 245 | _aТлумачний словник Особливої частини кримінального законодавства України | ||
| 300 | _a127 с. | ||
| 955 | _a2 | ||
| 041 | _aukr | ||
| 080 | _a343.3/7(038) | ||
| 260 |
_aЛьвів _bЮрфак ЛДУ ім. Івана Франка _c1997 |
||
| 650 | 7 |
_a343 Кримінальне право. Карні порушення _2UDC |
|
| 999 |
_c363119 _d363119 |
||